Statistics for Capitals of Europe - Two minute sprint

Click here to take the quiz!

General Stats

  • This quiz has been taken 34 times
  • The average score is 34 of 49

Answer Stats

Answer % Correct
Amsterdam
93%
Stockholm
90%
Brussels
90%
Oslo
90%
Dublin
87%
London
87%
Lisbon
87%
Athens
87%
Rome
87%
Berlin
83%
Kiev
83%
Helsinki
83%
Madrid
83%
Moscow
83%
Paris
83%
Warsaw
80%
Riga
80%
Vienna
80%
Bern
80%
Budapest
80%
Prague
80%
Tallinn
77%
Luxembourg
77%
Vilnius
77%
Sofia
73%
Bucharest
73%
Copenhagen
73%
Minsk
70%
Reykjavik
70%
Vatican City
70%
San Marino Citta
70%
Monaco
70%
Zagreb
67%
Bratislava
63%
Belgrade
63%
Vaduz
63%
Andorra La Vella
60%
Sarajevo
60%
Valletta
60%
Tirana
57%
Skopje
57%
Chisinau
57%
Podgorica
53%
Pristina
53%
Ljubljana
47%
Nicosia
20%
Tbilisi
17%
Yerevan
17%
Baku
13%

Score Distribution

Percentile by Number Answered

Percent of People with Each Score

Your Score History

You have not taken this quiz